Normal view
MARC view
Entry Personal Name
001 - CONTROL NUMBER
- control field: 22780
003 - CONTROL NUMBER IDENTIFIER
- control field: ARRUPE
005 - DATE AND TIME OF LATEST TRANSACTION
- control field: 20160307153248.0
008 - FIXED-LENGTH DATA ELEMENTS
- fixed length control field: 160307|| aca||aabn | a|a d
040 ## - CATALOGING SOURCE
- Original cataloging agency: ARRUPE
- Transcribing agency: ARRUPE
100 ## - HEADING--PERSONAL NAME
- Personal name: Kramer, Mark,
- Dates associated with a name: 1974-
670 ## - SOURCE DATA FOUND
- Source citation: Work cat.: (ARRUPE)0: Kramer, Mark, 1974-, Dispossessed :, c2006.